| 000 | 00773nam a22002057a 4500 | ||
|---|---|---|---|
| 999 |
_c2598 _d2598 |
||
| 003 | AR-CdUCM | ||
| 008 | 190305b ||||| |||| 00| 0 spa d | ||
| 040 |
_aMUNICIPALIDAD PROVINCIAL DEL CUSCO _cBIBLIOTECA MUNICIPAL DEL CUSCO |
||
| 082 |
_a914.47 / _bM64 |
||
| 100 |
_aMiro Quesada, Francisco _95199 |
||
| 245 |
_aLa otra mitad del mundo : _bLa unión soviética / |
||
| 260 |
_aLima : _bTipografía Santa Rosa, |
||
| 300 |
_a111 paginas ; _c22 cm. |
||
| 505 | _aContenido :Las insuperables limitaciones -- En el mundo de la hoz y el martillo -- El mundo al revés -- El verde sin confines -- El santuario del ateísmo ... | ||
| 650 |
_aUnión Soviética _9496 |
||
| 650 |
_aDescripciones y viajes _9497 |
||
| 650 |
_aSiglo XX _98 |
||
| 942 |
_2ddc _cLIBROS |
||
| 945 | _arum | ||